Praying mantises / (Record no. 400575)
[ view plain ]
| 000 -LEADER | |
|---|---|
| fixed length control field | 01614cam a22004458i 4500 |
| 001 - CONTROL NUMBER | |
| control field | 964353133 |
| 003 - CONTROL NUMBER IDENTIFIER | |
| control field | OCoLC |
| 005 - DATE AND TIME OF LATEST TRANSACTION | |
| control field | 20240925145101.0 |
| 008 - FIXED-LENGTH DATA ELEMENTS--GENERAL INFORMATION | |
| fixed length control field | 161122t20182018mnua j b 001 0 eng c |
| 010 ## - LIBRARY OF CONGRESS CONTROL NUMBER | |
| LC control number | 2016051634 |
| 020 ## - INTERNATIONAL STANDARD BOOK NUMBER | |
| International Standard Book Number | 9781515778257 |
| Qualifying information | (library binding) |
| 020 ## - INTERNATIONAL STANDARD BOOK NUMBER | |
| International Standard Book Number | 1515778258 |
| Qualifying information | (library binding) |
| 020 ## - INTERNATIONAL STANDARD BOOK NUMBER | |
| International Standard Book Number | 9781515778387 |
| Qualifying information | (pbk.) |
| 020 ## - INTERNATIONAL STANDARD BOOK NUMBER | |
| International Standard Book Number | 151577838X |
| Qualifying information | (pbk.) |
| 020 ## - INTERNATIONAL STANDARD BOOK NUMBER | |
| Cancelled/invalid ISBN | 9781515778424 |
| Qualifying information | (ebook (pdf) |
| 035 ## - SYSTEM CONTROL NUMBER | |
| System control number | (OCoLC)964353133 |
| Canceled/invalid control number | (OCoLC)973302298 |
| -- | (OCoLC)973383931 |
| -- | (OCoLC)973513798 |
| -- | (OCoLC)973752506 |
| -- | (OCoLC)973795168 |
| -- | (OCoLC)973897328 |
| 040 ## - CATALOGING SOURCE | |
| Original cataloging agency | NJQ/DLC |
| Language of cataloging | eng |
| Description conventions | rda |
| Transcribing agency | ZQP |
| Modifying agency | DLC |
| -- | OCLCF |
| -- | OCLCQ |
| -- | YDX |
| -- | CLE |
| 042 ## - AUTHENTICATION CODE | |
| Authentication code | pcc |
| 050 00 - LIBRARY OF CONGRESS CALL NUMBER | |
| Classification number | QL505.9.M35 |
| Item number | A47 2018 |
| 082 04 - DEWEY DECIMAL CLASSIFICATION NUMBER | |
| Classification number | 595.7/27 |
| Edition number | 23 |
| 092 ## - LOCALLY ASSIGNED DEWEY CALL NUMBER (OCLC) | |
| Classification number | children nonfiction |
| Item number | Amstutz |
| 100 1# - MAIN ENTRY--PERSONAL NAME | |
| Personal name | Amstutz, Lisa J., |
| Relator term | author. |
| 9 (RLIN) | 5867984 |
| 245 10 - TITLE STATEMENT | |
| Title | Praying mantises / |
| Statement of responsibility, etc | by Lisa J. Amstutz. |
| 264 #1 - Production, Publication, Distribution, Manufacture, and Copyright Notice. | |
| Place of production, publication, distribution, manufacture | North Mankato, Minnesota : |
| Name of producer, publisher, distributor, manufacturer | Capstone Press, |
| Date of production, publication, distribution, manufacture, or copyr | [2018] |
| 264 #4 - Production, Publication, Distribution, Manufacture, and Copyright Notice. | |
| Date of production, publication, distribution, manufacture, or copyr | ©2018. |
| 300 ## - PHYSICAL DESCRIPTION | |
| Extent | 24 pages : |
| Other physical details | color illustrations ; |
| Dimensions | 19 cm. |
| 336 ## - Content Type | |
| Content type term | text |
| 337 ## - Media type | |
| Media type term | unmediated |
| 338 ## - Carrier type | |
| Carrier type term | volume |
| 490 1# - SERIES STATEMENT | |
| Series statement | Little pebble. Little critters. |
| 504 ## - BIBLIOGRAPHY, ETC. NOTE | |
| Bibliography, etc | Includes bibliographical references and index. |
| 505 0# - FORMATTED CONTENTS NOTE | |
| Formatted contents note | What is a praying mantis? -- Good hunters -- Growing up. |
| 521 1# - TARGET AUDIENCE NOTE | |
| Target audience note | Ages 4-8. |
| 521 2# - TARGET AUDIENCE NOTE | |
| Target audience note | K to grade 3. |
| 650 #0 - SUBJECT ADDED ENTRY--TOPICAL TERM | |
| Topical term or geographic name as entry element | Praying mantis |
| Form subdivision | Juvenile literature. |
| 9 (RLIN) | 5710202 |
| 655 #7 - INDEX TERM--GENRE/FORM | |
| Genre/form data or focus term | Juvenile works. |
| Source of term | fast |
| 9 (RLIN) | 5673941 |
| 655 #7 - INDEX TERM--GENRE/FORM | |
| Genre/form data or focus term | Readers (Elementary) |
| Source of term | lcsh. |
| 9 (RLIN) | 5689443 |
| 830 #0 - SERIES ADDED ENTRY--UNIFORM TITLE | |
| Uniform title | Little pebble. |
| Name of part/section of a work | Little critters. |
| 942 ## - ADDED ENTRY ELEMENTS (KOHA) | |
| Source of classification or shelving scheme | Dewey Decimal Classification |
| Koha item type | BOOK |
| Withdrawn status | Lost status | Source of classification or shelving scheme | Damaged status | Not for loan | Collection code | Home library | Current library | Shelving location | Date acquired | Source of acquisition | Total Checkouts | Total Renewals | Full call number | Barcode | Date last seen | Date checked out | Cost, replacement price | Price effective from | Koha item type |
|---|---|---|---|---|---|---|---|---|---|---|---|---|---|---|---|---|---|---|---|
| Dewey Decimal Classification | Children NonFiction | Wasatch County Library | Wasatch County Library | Main Floor Childrens Area | 09/25/2024 | Amazon | 2 | 1 | E Animals Bugs Amstutz | 34301002131979 | 10/17/2025 | 03/28/2025 | 21.99 | 09/25/2024 | BOOK |
